figure out the lana del rey song pt 3 - Statistics

General Stats
  • This quiz has been taken 185 times
  • The average score is 155 of 278
Answer Stats
Answer % Correct
i
99%
a
96%
you
94%
the
93%
an
82%
your
81%
in
80%
it
78%
we
77%
do
76%
to
76%
im
75%
my
75%
who
75%
and
74%
no
72%
on
72%
is
71%
of
70%
blue
66%
like
63%
that
61%
all
60%
for
60%
they
60%
not
59%
get
58%
are
57%
but
56%
us
55%
were
55%
then
54%
black
53%
got
53%
ive
53%
life
53%
live
50%
out
50%
this
50%
off
49%
or
49%
mind
48%
now
47%
had
45%
into
45%
never
45%
at
44%
cause
44%
ride
44%
up
42%
war
42%
will
41%
from
40%
game
40%
own
40%
wanna
40%
keep
39%
really
39%
take
39%
them
39%
was
39%
feels
38%
heart
37%
play
37%
as
36%
doing
36%
night
36%
sometimes
36%
their
36%
decide
34%
move
34%
riding
34%
try
34%
finally
33%
right
33%
world
33%
chance
32%
way
32%
noticed
31%
commitment
30%
crossing
30%
end
29%
put
29%
dance
28%
first
28%
manifesto
28%
modern
28%
ordinary
28%
paradise
28%
someones
28%
fly
27%
sea
27%
threshold
27%
birds
26%
caught
26%
nothing
26%
theres
26%
dead
25%
gone
24%
hold
23%
touch
23%
more
22%
found
21%
certain
20%
chasing
20%
rainbows
20%
undoubtedly
20%
being
19%
darkness
19%
arches
18%
burden
18%
glance
18%
hoping
18%
illusions
18%
used
18%
reveal
17%
trance
17%
arts
16%
colors
16%
part
16%
solid
16%
combined
15%
comes
15%
energies
15%
lure
15%
discerning
9%
crowley
7%
No matching quizzes found
Score Distribution
Percent of People with Each Score
Percentile by Number Answered
Your Score History
You have not taken this quiz